000 00559nam a22001577a 4500
999 _c534722
_d534722
020 _qHard Cover.
082 _a629.04
100 _aNasir, Jamal Abdul
245 _a Analysis of the Factors affecting the Quality in Execution of Rehabilitation of Pavements /
_cJamal Abdul Nasir.
260 _aIslamabad :
_bNIT - NUST,
_c2017.
300 _axii, 85 p. ill. ;
_c30cm.
942 _2ddc
_cTHE
650 _aTranspiration Engineering - MS Thesis.
_928966
700 _aDr. Muhammd Bilal Khurshid.
_929048